Minister's manual; vol. 2. (Record no. 15646)

000 -LEADER
fixed length control field 00555nam a2200181 a 4500
001 - CONTROL NUMBER
control field :::00014506$&:&@@
003 - CONTROL NUMBER IDENTIFIER
control field OkBaRHE
005 - DATE AND TIME OF LATEST TRANSACTION
control field 20000831091700.0
008 - FIXED-LENGTH DATA ELEMENTS--GENERAL INFORMATION
fixed length control field s1965 j 000 0 eng u
040 ## - CATALOGING SOURCE
Transcribing agency
100 1# - MAIN ENTRY--PERSONAL NAME
Personal name Pickthorn, William E.,
245 10 - TITLE STATEMENT
Title Minister's manual; vol. 2.
260 ## - PUBLICATION, DISTRIBUTION, ETC. (IMPRINT)
Place of publication, distribution, etc Springfield, MO., :
Name of publisher, distributor, etc Gospel Publishing House
Date of publication, distribution, etc c1965
300 ## - PHYSICAL DESCRIPTION
Extent v. (1-3);
Dimensions 17 cm.
650 ## - SUBJECT ADDED ENTRY--TOPICAL TERM
Topical term or geographic name as entry element Occasional Services
942 ## - ADDED ENTRY ELEMENTS (KOHA)
Source of classification or shelving scheme
Koha item type Books
Copies
Date last seen Permanent Location Copy number Full call number Lost status Total Checkouts Damaged status Current Location Date checked out Not for loan Withdrawn status Koha item type Barcode Date acquired Shelving location Source of classification or shelving scheme Price effective from
2018-01-30RHEMA Bible Training College1BV 199 .O3P5 1 RHEMA Bible Training College2018-01-19  Books145062010-04-14General Stacks 2010-04-14